000 01196nam a2200301 i 4500
003 EG-GICUC
005 20260310151138.0
008 260310s1937 ua ||||fr|||| 000 0 ara d
040 _a EG-GICUC
_bara
_c EG-GICUC
_d EG-GICUC
_erda
041 0 _aara
082 0 4 _221
_a341.37
_bح ك . ا
092 0 4 _221
099 _aLaw1 11 1937 341.37 ح ك . ا
110 2 _aالحكومة الملكية المصرية ،
_eمؤلف.
245 1 2 _aالاتفاق الخاص بإلغاء الامتيازات فى مصر :
_bالوثائق الموقعة بمونترو /
_cصادر عن الحكومة الملكية المصرية .
264 3 _aالقاهرة :
_bمطبعة الأميرية ،
_c١٩٣٧ .
300 _a74 ؛ صفحة
_c24 سم
336 _2rda content
_atext
337 _2rda media
_aComputer
338 _2rda carrier
_aOnline Resource
504 _aيشتمل على ارجاعات ببليوجرافية .
546 _aالنص باللغة العربية
650 1 4 _aالمعاهدات / الاتفاقات الدولية
_2qrmak
651 1 _2qrmak
856 4 0 _uhttps://fll.law.cu.edu.eg/fulltext/bks/B11-03804.pdf
905 _a76
942 _2ddc
_cBK
_e21
_n0
999 _c65986
_d65986